[Event "Vaujany op-B 8th"]
[Site "Vaujany"]
[Date "2017.07.14"]
[Round "2.7"]
[White "Gregorio, Santiago"]
[Black "Benezra, Esther"]
[Result "1-0"]
[WhiteElo "1776"]
[BlackElo "1691"]
[PlyCount "77"]
[EventDate "2017.07.13"]
[EventType "swiss"]
[EventRounds "9"]
[EventCountry "FRA"]
[SourceTitle "EXT 2020"]
[Source "ChessBase"]
[SourceDate "2019.10.17"]
[SourceVersion "1"]
[SourceVersionDate "2019.10.17"]
[SourceQuality "1"]

1. d4 e6 2. Nf3 f5 3. Nc3 Nf6 4. Bg5 Bb4 5. e3 b6 6. Ne5 d6 7. Bb5+ Bd7 8. Nxd7 Nbxd7 9. Qf3 0-0 10. 0-0 Bxc3 11. bxc3 h6 12. Bxd7 Qxd7 13. Bxf6 gxf6 14. c4 Kh7 15. a4 a5 16. Rfd1 e5 17. c5 Rac8 18. c6 Qe6 19. d5 e4 20. Qh3 Qe5 21. Rd4 Rg8 22. c3 Rg4 23. Rf1 Rcg8 24. g3 f4 25. exf4 Qxf4 26. Re1 f5 27. Re3 Qg5 28. Kf1 Rb8 29. c4 Qf6 30. Rd1 Qb2 31. f3 Qc2 32. Rde1 Qxc4+ 33. Kg1 exf3 34. Re7+ Kg8 35. Qxh6 Qd4+ 36. Kh1 Rg7 37. Re8+ Rxe8 38. Rxe8+ Kf7 39. Qe6# 1-0

[Event "FRA-ch U18 Girls"]
[Site "Belfort"]
[Date "2017.04.16"]
[Round "3.1"]
[White "Benezra, Esther"]
[Black "Afraoui, Anaelle"]
[Result "0-1"]
[WhiteElo "1761"]
[BlackElo "1977"]
[PlyCount "78"]
[EventDate "2017.04.16"]
[EventType "swiss"]
[EventRounds "9"]
[EventCountry "FRA"]
[SourceTitle "EXT 2019"]
[Source "ChessBase"]
[SourceDate "2018.10.10"]
[SourceVersion "1"]
[SourceVersionDate "2018.10.10"]
[SourceQuality "1"]

1. e4 c5 2. Nf3 e6 3. b3 d6 4. Bb2 Nf6 5. Nc3 Be7 6. d4 cxd4 7. Nxd4 0-0 8. Bd3 Nbd7 9. Nce2 Nc5 10. f3 a6 11. c4 Qc7 12. 0-0 b6 13. b4 Nxd3 14. Qxd3 Bb7 15. Ng3 Rac8 16. Rac1 Qd7 17. f4 d5 18. cxd5 Bxb4 19. dxe6 fxe6 20. Qb3 Bc5 21. Rxc5 bxc5 22. Nxe6 Rf7 23. Bxf6 c4 24. Qb4 Rxf6 25. f5 Rf7 26. Rc1 Qb5 27. Qc3 a5 28. Rd1 Rd7 29. Kf2 Qb6+ 30. Kf3 Re7 31. Nh5 Qb4 32. Qe5 c3 33. Nhxg7 c2 34. Rc1 Qc3+ 35. Qxc3 Rxc3+ 36. Ke2 Bxe4 37. Kd2 Rc8 38. f6 Rd7+ 39. Ke2 Bg6 0-1

[Event "FRA-ch U14 Girls"]
[Site "Montbeliard"]
[Date "2014.04.27"]
[Round "9"]
[White "Benezra, Esther"]
[Black "Seite, Yamina"]
[Result "1-0"]
[WhiteElo "1470"]
[BlackElo "1622"]
[PlyCount "75"]
[EventDate "2014.04.21"]
[EventType "swiss"]
[EventRounds "9"]
[EventCountry "FRA"]
[SourceTitle "CBM 160 Extra"]
[Source "ChessBase"]
[SourceDate "2014.07.01"]
[SourceVersion "1"]
[SourceVersionDate "2014.07.01"]
[SourceQuality "1"]

1. e4 e6 2. d4 d5 3. Nd2 Nf6 4. e5 Nfd7 5. Bd3 Qg5 6. g3 c5 7. c3 Nc6 8. Ndf3 Qd8 9. Ne2 cxd4 10. cxd4 f6 11. Nf4 fxe5 12. dxe5 Ndxe5 13. Nxe5 Nxe5 14. Qh5+ Nf7 15. 0-0 a6 16. Re1 g6 17. Qxd5 Qxd5 18. Nxd5 Kd8 19. Nb6 Rb8 20. Nxc8 Rxc8 21. Rxe6 Bg7 22. Be4 Rc7 23. Be3 Kd7 24. Rb6 Nd6 25. Rd1 Bf8 26. Bf4 Ke6 27. Bxd6 Bxd6 28. Rdxd6+ Ke5 29. Re6+ Kd4 30. Bxb7 Rf8 31. Rbd6+ Kc5 32. Rc6+ Rxc6 33. Rxc6+ Kb5 34. Rxa6 Rf7 35. Ra3 Rxb7 36. Rb3+ Kc6 37. Rxb7 Kxb7 38. Kg2 1-0

[Event "FRA-ch U12 Girls"]
[Site "Nimes"]
[Date "2012.04.20"]
[Round "8"]
[White "Schwindling, Marie"]
[Black "Benezra, Esther"]
[Result "1/2-1/2"]
[WhiteElo "1573"]
[BlackElo "1310"]
[PlyCount "119"]
[EventDate "2012.04.14"]
[EventType "swiss"]
[EventRounds "9"]
[EventCountry "FRA"]
[SourceTitle "CBM 148 Extra"]
[Source "ChessBase"]
[SourceDate "2012.06.22"]
[SourceVersion "1"]
[SourceVersionDate "2012.06.22"]
[SourceQuality "1"]

1. d4 d5 2. c4 e6 3. Nc3 Nf6 4. Bg5 Nbd7 5. Nf3 c6 6. e3 Qa5 7. Qc2 Ne4 8. c5 b6 9. Bd3 Nxg5 10. Nxg5 bxc5 11. dxc5 Bxc5 12. 0-0 h6 13. Nf3 Ba6 14. a3 Bxd3 15. Qxd3 Qc7 16. b4 Bd6 17. e4 Ne5 18. Nxe5 Bxe5 19. h3 dxe4 20. Qe3 Rd8 21. Rad1 Rxd1 22. Rxd1 0-0 23. Nxe4 Bf4 24. Qe2 Qe5 25. Qc2 f5 26. Nc5 Ra8 27. Qc4 a5 28. Nxe6 Bh2+ 29. Kh1 Kh7 30. Rd7 axb4 31. Qxc6 Rg8 32. axb4 Bf4 33. Nxf4 Qxf4 34. b5 Qxf2 35. Qf3 Qxf3 36. gxf3 Rb8 37. Rd5 Kg6 38. Kg2 Kf6 39. Kg3 g5 40. f4 Rc8 41. Rd6+ Kg7 42. Rc6 Ra8 43. Rc3 Ra5 44. Rb3 Ra8 45. fxg5 hxg5 46. b6 Rb8 47. Rb5 Kf6 48. h4 gxh4+ 49. Kxh4 Ke6 50. Kg5 Kd6 51. Kxf5 Kc6 52. Re5 Rxb6 53. Re6+ Kb5 54. Re4 Kc6 55. Re6+ Kb5 56. Re2 Kc6 57. Rc2+ Kb7 58. Re2 Rb5+ 59. Re5 Rxe5+ 60. Kxe5 1/2-1/2